[Event "Hebraica op 30th"]
[Site "Hebraica"]
[Date "2023.02.12"]
[Round "7"]
[White "Cincotto, Fabio Henrique"]
[Black "Palatnic, Armando"]
[Result "1-0"]
[WhiteElo "1694"]
[BlackElo "1804"]
[PlyCount "63"]
[EventDate "2023.02.10"]
[EventType "swiss"]
[EventRounds "7"]
[EventCountry "BRA"]
[SourceTitle "CBM 212 Extra"]
[Source "ChessBase"]
[SourceDate "2023.03.31"]
[SourceVersion "1"]
[SourceVersionDate "2023.03.31"]
[SourceQuality "1"]

1. e4 c5 2. Nf3 d6 3. d4 cxd4 4. Nxd4 Nf6 5. Nc3 a6 6. Be2 e6 7. Be3 Be7 8. f3 Qc7 9. Qd2 Nc6 10. a3 Bd7 11. Nb3 Ne5 12. g4 h6 13. h4 Nc4 14. Bxc4 Qxc4 15. 0-0-0 Qc7 16. Bf4 e5 17. Be3 Be6 18. g5 Ng8 19. Qf2 Bd8 20. f4 Bxb3 21. cxb3 Ne7 22. Kb1 Qc6 23. fxe5 dxe5 24. Rhf1 Qg6 25. gxh6 gxh6 26. Rg1 Qe6 27. h5 Rc8 28. Nd5 Nxd5 29. Rxd5 Bf6 30. Rgd1 Rd8 31. Bc5 Qc6 32. Rf1 1-0

[Event "Hebraica op 30th"]
[Site "Hebraica"]
[Date "2023.02.11"]
[Round "4"]
[White "Cincotto, Fabio Henrique"]
[Black "Wunderlich, Fabian"]
[Result "0-1"]
[WhiteElo "1694"]
[BlackElo "1783"]
[PlyCount "108"]
[EventDate "2023.02.10"]
[EventType "swiss"]
[EventRounds "7"]
[EventCountry "BRA"]
[SourceTitle "CBM 212 Extra"]
[Source "ChessBase"]
[SourceDate "2023.03.31"]
[SourceVersion "1"]
[SourceVersionDate "2023.03.31"]
[SourceQuality "1"]

1. e4 c5 2. Nf3 e6 3. a3 Nc6 4. d4 cxd4 5. Nxd4 Nxd4 6. Qxd4 Qc7 7. Nc3 a6 8. Be2 d6 9. Be3 Nf6 10. f3 Be7 11. g4 0-0 12. h4 b5 13. h5 e5 14. Qd2 d5 15. exd5 e4 16. Nxe4 Nxe4 17. fxe4 Qe5 18. Qd4 Qg3+ 19. Bf2 Qc7 20. e5 Qxc2 21. Bd1 Qc4 22. Qxc4 bxc4 23. d6 Bg5 24. Bf3 Rb8 25. Bd4 Be6 26. Rd1 f6 27. 0-0 fxe5 28. Bxe5 Rb5 29. Bc3 Rxf3 30. Rxf3 Bxg4 31. Rff1 Bxd1 32. Rxd1 Bd8 33. Re1 Kf7 34. Re4 Rxh5 35. Rxc4 Ke6 36. Ra4 a5 37. b4 axb4 38. Bxb4 Bb6+ 39. Kg2 Bc5 40. Bxc5 Rxc5 41. Ra7 Rg5+ 42. Kh3 Kxd6 43. Ra6+ Kc7 44. Ra7+ Kb6 45. Rf7 Ka5 46. Ra7+ Kb6 47. Rf7 h6 48. Re7 g6 49. Kh4 Kb5 50. Rh7 Rh5+ 51. Kg4 Ka4 52. Ra7+ Ra5 53. Rh7 h5+ 54. Kh4 Kxa3 0-1

[Event "Hebraica op 30th"]
[Site "Hebraica"]
[Date "2023.02.10"]
[Round "2"]
[White "Barros, Roberto Viana Do Re"]
[Black "Cincotto, Fabio Henrique"]
[Result "0-1"]
[WhiteElo "1259"]
[BlackElo "1694"]
[PlyCount "42"]
[EventDate "2023.02.10"]
[EventType "swiss"]
[EventRounds "7"]
[EventCountry "BRA"]
[SourceTitle "CBM 212 Extra"]
[Source "ChessBase"]
[SourceDate "2023.03.31"]
[SourceVersion "1"]
[SourceVersionDate "2023.03.31"]
[SourceQuality "1"]

1. c4 Nf6 2. Nc3 g6 3. g3 Bg7 4. Bg2 d6 5. Nf3 0-0 6. 0-0 c6 7. d3 Qa5 8. Bd2 Qh5 9. Rb1 Bh3 10. Bxh3 Qxh3 11. b4 Ng4 12. b5 Nd7 13. e4 Nde5 14. Re1 Nxd3 15. Re3 Ndxf2 16. Qf1 Qxf1+ 17. Kxf1 Nxe3+ 18. Kxf2 Nxc4 19. Ne2 Nxd2 20. Nxd2 cxb5 21. Rxb5 b6 0-1

[Event "Catanduva op"]
[Site "Catanduva"]
[Date "2020.03.14"]
[Round "4"]
[White "Bonvini, Alberto Tonhati"]
[Black "Cincotto, Fabio Henrique"]
[Result "1-0"]
[WhiteElo "1852"]
[BlackElo "1651"]
[PlyCount "45"]
[EventDate "2020.03.13"]
[EventType "swiss"]
[EventRounds "6"]
[EventCountry "BRA"]
[SourceTitle "CBM 195 Extra"]
[Source "ChessBase"]
[SourceDate "2020.05.31"]
[SourceVersion "1"]
[SourceVersionDate "2020.05.31"]
[SourceQuality "1"]

1. e4 e5 2. Nf3 Nc6 3. Bb5 a6 4. Ba4 Nf6 5. 0-0 b5 6. Bb3 Be7 7. Re1 0-0 8. c3 d6 9. h3 Na5 10. Bc2 c5 11. d3 Nc6 12. Nbd2 Re8 13. Nf1 Bf8 14. Bg5 h6 15. Bh4 g5 16. Bg3 Be6 17. d4 cxd4 18. cxd4 g4 19. hxg4 Bxg4 20. N1h2 Nxd4 21. Nxg4 Nxc2 22. Nxf6+ Qxf6 23. Qxc2 1-0

[Event "Catanduva op"]
[Site "Catanduva"]
[Date "2020.03.14"]
[Round "3"]
[White "Cincotto, Fabio Henrique"]
[Black "Pasqualinotto, Giovane"]
[Result "1-0"]
[WhiteElo "1651"]
[BlackElo "1800"]
[PlyCount "75"]
[EventDate "2020.03.13"]
[EventType "swiss"]
[EventRounds "6"]
[EventCountry "BRA"]
[SourceTitle "CBM 195 Extra"]
[Source "ChessBase"]
[SourceDate "2020.05.31"]
[SourceVersion "1"]
[SourceVersionDate "2020.05.31"]
[SourceQuality "1"]

1. e4 e6 2. d4 d5 3. exd5 exd5 4. c4 c6 5. Nf3 Nf6 6. Nc3 Be6 7. c5 Nbd7 8. Bd3 Be7 9. h3 0-0 10. Ng5 g6 11. Nxe6 fxe6 12. Qe2 Re8 13. 0-0 Nf8 14. Bf4 Nh5 15. Bh2 b6 16. b4 b5 17. Nxb5 cxb5 18. Bxb5 Nd7 19. Qxe6+ Kf8 20. Bxd7 Ng7 21. Qc6 Rc8 22. Qxc8 Qxc8 23. Bxc8 Rxc8 24. a4 Ne6 25. Be5 Nd8 26. b5 Nb7 27. a5 Bd8 28. b6 a6 29. f4 g5 30. fxg5+ Kg8 31. Bf6 Rc6 32. Bxd8 Nxd8 33. Rae1 Nf7 34. Re8+ Kg7 35. Re7 Kf8 36. Rfxf7+ Kg8 37. b7 Rc8 38. bxc8Q# 1-0

[Event "BRA-ch Amateur U2000"]
[Site "Sao Paulo"]
[Date "2019.06.22"]
[Round "6"]
[White "Camara, Jose Arruda"]
[Black "Cincotto, Fabio Henrique"]
[Result "1/2-1/2"]
[WhiteElo "1879"]
[BlackElo "1540"]
[PlyCount "71"]
[EventDate "2019.06.20"]
[EventType "swiss"]
[EventRounds "7"]
[EventCountry "BRA"]
[SourceTitle "EXT 2020"]
[Source "ChessBase"]
[SourceDate "2019.10.17"]
[SourceVersion "1"]
[SourceVersionDate "2019.10.17"]
[SourceQuality "1"]

1. e4 e5 2. Nf3 Nc6 3. Bc4 Be7 4. d4 d6 5. d5 Nb8 6. h3 f5 7. Nc3 a6 8. a4 Nf6 9. exf5 Bxf5 10. Be3 Bg6 11. Ng5 Bf7 12. Nxf7 Kxf7 13. 0-0 Rf8 14. b4 Nbd7 15. Bb3 Kg8 16. Qd3 Kh8 17. Rad1 Re8 18. Ne2 c6 19. dxc6 bxc6 20. c4 Qb8 21. Bc2 Qxb4 22. Rb1 Qa5 23. Rb7 Rab8 24. Rfb1 Rxb7 25. Rxb7 Rb8 26. Rxb8+ Nxb8 27. Kh2 Qc7 28. Kg1 d5 29. cxd5 cxd5 30. Ng3 e4 31. Qb3 Nc6 32. Nf5 Bd8 33. Bd1 Qd7 34. Nd4 Na5 35. Qb4 Qe7 36. Qb8 1/2-1/2

[Event "BRA-ch Amateur U2000"]
[Site "Sao Paulo"]
[Date "2019.06.21"]
[Round "3"]
[White "Cincotto, Fabio Henrique"]
[Black "Rodrigues, Nei Jorge"]
[Result "1-0"]
[WhiteElo "1540"]
[BlackElo "1919"]
[PlyCount "61"]
[EventDate "2019.06.20"]
[EventType "swiss"]
[EventRounds "7"]
[EventCountry "BRA"]
[SourceTitle "EXT 2020"]
[Source "ChessBase"]
[SourceDate "2019.10.17"]
[SourceVersion "1"]
[SourceVersionDate "2019.10.17"]
[SourceQuality "1"]

1. e4 g6 2. d4 Bg7 3. Nf3 d6 4. Nc3 Nf6 5. Be2 0-0 6. Bf4 c6 7. Qd2 Re8 8. Bh6 Bh8 9. h4 Ng4 10. h5 e5 11. hxg6 hxg6 12. Bg5 Qb6 13. Rxh8+ Kxh8 14. 0-0-0 Kg7 15. Rh1 Rh8 16. Rxh8 Kxh8 17. dxe5 dxe5 18. Nxe5 Qxf2 19. Qd8+ Kg7 20. Bxg4 Na6 21. Bxc8 Nb4 22. Qd1 Rxc8 23. Ng4 Qc5 24. Bf6+ Kh7 25. e5 g5 26. Qh1+ Kg6 27. Qh6+ Kf5 28. Qxg5+ Ke6 29. Ne3 Nxa2+ 30. Nxa2 Kd7 31. e6+ 1-0

[Event "BRA-ch Amateur U2000"]
[Site "Sao Paulo"]
[Date "2019.06.20"]
[Round "2"]
[White "De Souza Neto, Antonio Martins"]
[Black "Cincotto, Fabio Henrique"]
[Result "0-1"]
[WhiteElo "1895"]
[BlackElo "1540"]
[PlyCount "122"]
[EventDate "2019.06.20"]
[EventType "swiss"]
[EventRounds "7"]
[EventCountry "BRA"]
[SourceTitle "EXT 2020"]
[Source "ChessBase"]
[SourceDate "2019.10.17"]
[SourceVersion "1"]
[SourceVersionDate "2019.10.17"]
[SourceQuality "1"]

1. d4 Nf6 2. c4 g6 3. Nc3 Bg7 4. Bg5 d6 5. Nf3 0-0 6. Qd2 c6 7. Bh6 a6 8. Bxg7 Kxg7 9. h4 h5 10. a4 a5 11. e4 Na6 12. Ng5 e5 13. dxe5 dxe5 14. Qxd8 Rxd8 15. Rd1 Rxd1+ 16. Nxd1 Nc5 17. Nc3 Be6 18. Nf3 Nfxe4 19. Nxe4 Nxe4 20. Nxe5 Nc5 21. Be2 Nxa4 22. 0-0 Nxb2 23. Rb1 Na4 24. Rxb7 Nc5 25. Rb2 Ra6 26. Nd3 Nxd3 27. Bxd3 a4 28. Kf1 a3 29. Ra2 Ra4 30. f3 Kf6 31. Kf2 Ke5 32. Ke3 Bxc4 33. Bxc4 Rxc4 34. Rxa3 Rxh4 35. f4+ Kd5 36. Ra7 f5 37. Rg7 Rg4 38. Kf3 c5 39. g3 Kd4 40. Rd7+ Kc3 41. Rg7 c4 42. Rg8 Kc2 43. Rc8 c3 44. Rg8 Kc1 45. Rg7 h4 46. gxh4 Rxh4 47. Rxg6 Rh2 48. Rg5 c2 49. Rxf5 Rh3+ 50. Ke4 Kb2 51. Rb5+ Rb3 52. Rc5 Rc3 53. Rb5+ Ka3 54. Ra5+ Kb4 55. Ra1 c1Q 56. Rxc1 Rxc1 57. Kd5 Rf1 58. Ke5 Kc5 59. f5 Re1+ 60. Kf6 Kd6 61. Kg7 Rf1 0-1

[Event "Hebraica op 25th"]
[Site "Hebraica"]
[Date "2018.01.13"]
[Round "4"]
[White "Cerqueira, Paulo Victor Rapous"]
[Black "Cincotto, Fabio Henrique"]
[Result "0-1"]
[WhiteElo "1495"]
[BlackElo "1789"]
[PlyCount "48"]
[EventDate "2018.01.12"]
[EventType "swiss"]
[EventRounds "6"]
[EventCountry "BRA"]
[SourceTitle "CBM 182 Extra"]
[Source "ChessBase"]
[SourceDate "2018.02.23"]
[SourceVersion "1"]
[SourceVersionDate "2018.02.23"]
[SourceQuality "1"]

1. b3 Nf6 2. Bb2 g6 3. g4 Bg7 4. Bg2 0-0 5. e3 d5 6. h3 c5 7. Nc3 Nc6 8. Nge2 d4 9. Na4 Qd6 10. Ba3 dxe3 11. dxe3 Nd7 12. Qxd6 exd6 13. Rd1 Nb6 14. Nec3 Nb4 15. Be4 Nxa4 16. Nxa4 Rb8 17. 0-0 b5 18. Nb2 Nxa2 19. Nd3 Nc3 20. Nxc5 b4 21. Rxd6 bxa3 22. Rd3 Nxe4 23. Nxe4 a2 24. Nc3 Ba6 0-1

[Event "Hebraica op 25th"]
[Site "Hebraica"]
[Date "2018.01.13"]
[Round "3"]
[White "De Albuquelque, Gabriel Tenorio"]
[Black "Cincotto, Fabio Henrique"]
[Result "1-0"]
[WhiteElo "1587"]
[BlackElo "1789"]
[PlyCount "105"]
[EventDate "2018.01.12"]
[EventType "swiss"]
[EventRounds "6"]
[EventCountry "BRA"]
[SourceTitle "CBM 182 Extra"]
[Source "ChessBase"]
[SourceDate "2018.02.23"]
[SourceVersion "1"]
[SourceVersionDate "2018.02.23"]
[SourceQuality "1"]

1. d4 Nf6 2. Bf4 d6 3. Nf3 g6 4. e3 Bg7 5. c3 0-0 6. Nbd2 a6 7. Qc2 b5 8. h3 Bb7 9. Bd3 Nbd7 10. 0-0 c5 11. Rfc1 Rc8 12. Qd1 Qa5 13. Qf1 cxd4 14. exd4 Rc7 15. a4 Bxf3 16. axb5 Bxg2 17. Qxg2 Qb6 18. Rxa6 Qb7 19. Qxb7 Rxb7 20. Rca1 Nd5 21. Be3 N7f6 22. Ra7 Rfb8 23. Rxb7 Rxb7 24. Ra8+ Bf8 25. Bh6 Nd7 26. c4 Nc7 27. Rc8 Ne6 28. Bxf8 Ndxf8 29. Nb3 Kg7 30. c5 d5 31. b6 Nd7 32. Na5 Nxb6 33. Rc6 Nxd4 34. Rxb6 Rc7 35. b4 Nf3+ 36. Kf1 e5 37. Rc6 Ra7 38. Be2 Nd4 39. Rd6 Nc2 40. Nc6 Ra1+ 41. Kg2 Ne1+ 42. Kg3 Ra3+ 43. f3 e4 44. Kf2 Nxf3 45. Bxf3 Rxf3+ 46. Ke2 Rd3 47. b5 Rxh3 48. b6 Rb3 49. Rxd5 h5 50. Nd4 Rb4 51. c6 Rxb6 52. c7 Rb2+ 53. Kd1 1-0

[Event "Sao Paulo Braga Memorial 2nd"]
[Site "Sao Paulo"]
[Date "2013.07.12"]
[Round "8"]
[White "Hoshino, Meilin"]
[Black "Cincotto, Fabio Henrique"]
[Result "0-1"]
[WhiteElo "1501"]
[BlackElo "1795"]
[PlyCount "68"]
[EventDate "2013.07.05"]
[EventType "swiss"]
[EventRounds "9"]
[EventCountry "BRA"]
[SourceTitle "CBM 155 Extra"]
[Source "ChessBase"]
[SourceDate "2013.08.26"]
[SourceVersion "1"]
[SourceVersionDate "2013.08.26"]
[SourceQuality "1"]

1. d4 Nf6 2. c4 g6 3. Nc3 Bg7 4. e4 d6 5. f3 h5 6. Be3 c6 7. Bd3 a6 8. Nge2 b5 9. 0-0 Nbd7 10. h3 h4 11. Qd2 Nh5 12. Rab1 Ndf6 13. Rfc1 Bd7 14. a3 Ng3 15. b4 Nfh5 16. Qe1 f5 17. exf5 gxf5 18. d5 Rg8 19. dxc6 Bxc6 20. Nf4 Nxf4 21. Bxf4 Bd4+ 22. Kh2 e5 23. cxb5 Bd7 24. bxa6 Nh5 25. Bd2 f4 26. Nd5 Qg5 27. Qe2 Qg3+ 28. Kh1 Bxh3 29. Nc7+ Ke7 30. Nd5+ Ke6 31. Nc7+ Kf6 32. Nd5+ Kg7 33. gxh3 Qxh3+ 34. Qh2 Ng3# 0-1

[Event "Sao Paulo Braga Memorial 2nd"]
[Site "Sao Paulo"]
[Date "2013.07.10"]
[Round "6"]
[White "Cruz, Arquias Sofocles"]
[Black "Cincotto, Fabio Henrique"]
[Result "1-0"]
[WhiteElo "1828"]
[BlackElo "1795"]
[PlyCount "95"]
[EventDate "2013.07.05"]
[EventType "swiss"]
[EventRounds "9"]
[EventCountry "BRA"]
[SourceTitle "CBM 155 Extra"]
[Source "ChessBase"]
[SourceDate "2013.08.26"]
[SourceVersion "1"]
[SourceVersionDate "2013.08.26"]
[SourceQuality "1"]

1. e4 e5 2. Nc3 Nf6 3. f4 d6 4. Nf3 Bg4 5. h3 Bxf3 6. Qxf3 a6 7. Bc4 Nc6 8. Ne2 exf4 9. d4 Qd7 10. Bxf4 0-0-0 11. 0-0-0 d5 12. exd5 Nxd5 13. Bh2 Be7 14. Kb1 Bg5 15. Bxd5 Qxd5 16. Qg4+ Qe6 17. Qg3 Qe7 18. d5 Nb4 19. Qg4+ Kb8 20. d6 cxd6 21. Qxb4 Qxe2 22. Rxd6 Rxd6 23. Bxd6+ Ka8 24. Re1 Qxg2 25. Bf8 Qc6 26. Qc5 Bh4 27. Qxc6 bxc6 28. Re8+ Kb7 29. c4 c5 30. Kc2 Bf6 31. Kd3 Kc6 32. Rc8+ Kd7 33. Rb8 Be5 34. Rb7+ Bc7 35. Bxg7 Rb8 36. Rxc7+ Kxc7 37. Be5+ Kc8 38. Bxb8 Kxb8 39. Ke4 Kc7 40. Ke5 Kd7 41. Kf5 Ke8 42. a3 a5 43. a4 Kf8 44. Ke5 Ke7 45. Kd5 h5 46. Kxc5 Ke6 47. Kb6 Kd7 48. Kxa5 1-0

[Event "Sao Paulo Braga Memorial 2nd"]
[Site "Sao Paulo"]
[Date "2013.07.09"]
[Round "5"]
[White "Cincotto, Fabio Henrique"]
[Black "Goncalves, Leonardo Yamamoto"]
[Result "0-1"]
[WhiteElo "1795"]
[BlackElo "1933"]
[PlyCount "102"]
[EventDate "2013.07.05"]
[EventType "swiss"]
[EventRounds "9"]
[EventCountry "BRA"]
[SourceTitle "CBM 155 Extra"]
[Source "ChessBase"]
[SourceDate "2013.08.26"]
[SourceVersion "1"]
[SourceVersionDate "2013.08.26"]
[SourceQuality "1"]

1. e4 c5 2. Nf3 g6 3. d4 cxd4 4. Nxd4 Nc6 5. Be3 Nf6 6. Nc3 Bg7 7. f3 0-0 8. Bc4 Qb6 9. Bb3 Nxe4 10. Nxe4 Bxd4 11. Bxd4 Qxd4 12. c3 Qe3+ 13. Qe2 Qxe2+ 14. Kxe2 Na5 15. Bc2 d5 16. Nf2 b6 17. b3 e5 18. Rad1 Ba6+ 19. Bd3 Bb7 20. Ng4 Kg7 21. Bb5 a6 22. Bd3 h5 23. Ne3 Rac8 24. Kd2 f5 25. b4 Nc6 26. Nxd5 Rcd8 27. Nc7 Kf6 28. Kc2 b5 29. Be2 Rc8 30. Nd5+ Ke6 31. Kb2 Nb8 32. Ne3 f4 33. Nc2 Nd7 34. Rd2 Nb6 35. Rc1 Na4+ 36. Kb1 Nxc3+ 37. Kb2 Na4+ 38. Kb1 Bd5 39. Bd3 Rfd8 40. Re1 Kf6 41. g3 fxg3 42. hxg3 Rc3 43. Re3 Bc4 44. Ne1 Rd4 45. Rd1 Bxd3+ 46. Rexd3 Rxb4+ 47. Ka1 Rxd3 48. Rxd3 Rd4 49. Kb1 Rxd3 50. Nxd3 Nc3+ 51. Kb2 Ne2 0-1

[Event "Sao Paulo Braga Memorial 2nd"]
[Site "Sao Paulo"]
[Date "2013.07.08"]
[Round "4"]
[White "Araujo, Leonardo Augusto De"]
[Black "Cincotto, Fabio Henrique"]
[Result "0-1"]
[WhiteElo "1873"]
[BlackElo "1795"]
[PlyCount "72"]
[EventDate "2013.07.05"]
[EventType "swiss"]
[EventRounds "9"]
[EventCountry "BRA"]
[SourceTitle "CBM 155 Extra"]
[Source "ChessBase"]
[SourceDate "2013.08.26"]
[SourceVersion "1"]
[SourceVersionDate "2013.08.26"]
[SourceQuality "1"]

1. e4 e5 2. Nf3 Nc6 3. d4 exd4 4. Bc4 d6 5. 0-0 Bg4 6. h3 h5 7. Qd3 Bxf3 8. Qxf3 Qf6 9. Qb3 Rb8 10. h4 Nge7 11. Bg5 Qg6 12. f4 Qxe4 13. Bxf7+ Kd7 14. Kh1 Nf5 15. Nd2 Qe3 16. Qb5 Ng3+ 17. Kh2 Nxf1+ 18. Nxf1 Qe4 19. Re1 a6 20. Rxe4 axb5 21. Be6+ Ke8 22. Bb3+ Ne7 23. Ng3 g6 24. Be6 Rh7 25. Rxd4 Bg7 26. Re4 Bxb2 27. Re2 Ra8 28. c4 Ba1 29. cxb5 Ra5 30. Kh1 Rxb5 31. Ne4 Kf8 32. Nf6 Bxf6 33. Bxf6 Nf5 34. Kh2 Rb4 35. g3 Nd4 36. Re4 Nf3+ 0-1

[Event "Sao Paulo Braga Memorial 2nd"]
[Site "Sao Paulo"]
[Date "2013.07.05"]
[Round "1"]
[White "Cadilhac, Igor Tokuichi Kikuc"]
[Black "Cincotto, Fabio Henrique"]
[Result "1-0"]
[WhiteElo "2028"]
[BlackElo "1795"]
[PlyCount "119"]
[EventDate "2013.07.05"]
[EventType "swiss"]
[EventRounds "9"]
[EventCountry "BRA"]
[SourceTitle "CBM 155 Extra"]
[Source "ChessBase"]
[SourceDate "2013.08.26"]
[SourceVersion "1"]
[SourceVersionDate "2013.08.26"]
[SourceQuality "1"]

1. e4 e5 2. Nf3 Nc6 3. Bb5 a6 4. Ba4 Nf6 5. d3 b5 6. Bb3 Be7 7. 0-0 0-0 8. c3 d6 9. Re1 Na5 10. Bc2 c5 11. Nbd2 Nc6 12. a4 Bg4 13. h3 Bh5 14. Nf1 b4 15. Ng3 g6 16. Bh6 Re8 17. Bb3 Bxf3 18. Qxf3 Na5 19. Bc2 Rb8 20. Nf5 Bf8 21. Bxf8 Kxf8 22. Ne3 Kg7 23. g4 h6 24. Kh1 Nh7 25. Qg3 Ng5 26. Rab1 Ne6 27. Nd5 b3 28. Bd1 c4 29. dxc4 Nxc4 30. Qd3 Nb6 31. Bxb3 Nc5 32. Qc2 Qd7 33. a5 Nxb3 34. Nxb6 Qe6 35. Qd3 Nxa5 36. Qxa6 Nb3 37. Nd5 Qd7 38. Qd3 Nc5 39. Qf3 Re6 40. b4 Na4 41. Ra1 Nb6 42. Qd3 Nxd5 43. exd5 Rf6 44. Ra7 Qc8 45. Kg2 e4 46. Qd4 Ra8 47. Rxa8 Qxa8 48. Rxe4 g5 49. h4 Qd8 50. f4 Kg6 51. f5+ Kh7 52. b5 gxh4 53. b6 h5 54. b7 hxg4 55. Rxg4 h3+ 56. Kh2 Qe7 57. Rh4+ Rh6 58. Rxh6+ Kxh6 59. Qf4+ Kh7 60. b8Q 1-0